000 00278nam a2200109Ia 4500
008 200302s9999 xx 000 0 und d
100 _aSpyros Horemis
245 _aOptical and Geometrical Patterns and Designs
260 _bDover Publications Inc.
260 _c1970
300 _a92 P.,
999 _c86
_d86